Normal view
MARC view
Entry Topical Term
001 - CONTROL NUMBER
- control field: 28374
003 - CONTROL NUMBER IDENTIFIER
- control field: OSt
005 - DATE AND TIME OF LATEST TRANSACTION
- control field: 20260610151941.0
008 - FIXED-LENGTH DATA ELEMENTS
- fixed length control field: 260610|| aca||aabn | a|a d
040 ## - CATALOGING SOURCE
- Original cataloging agency: OSt
- Transcribing agency: OSt
150 ## - HEADING--TOPICAL TERM
- Topical term or geographic name entry element: 2. Student participation...........Tharaka Nithi County
670 ## - SOURCE DATA FOUND
- Source citation: Work cat.: (OSt)23874: Miriti Jackline Makena 28372, Influence of selected pedagogical factors on students’ participation in History and Government in public secondary schools in Maara Sub-County, Tharaka-Nithi County, Kenya, 2025
